Enlightenment: A New Beginning (Record no. 369856)

MARC details
000 -LEADER
fixed length control field 00455nam a2200181 4500
005 - DATE AND TIME OF LATEST TRANSACTION
control field 20260113142417.0
008 - FIXED-LENGTH DATA ELEMENTS--GENERAL INFORMATION
fixed length control field 260112b |||||||| |||| 00| 0 eng d
020 ## - INTERNATIONAL STANDARD BOOK NUMBER
International Standard Book Number 9780143473329
041 ## - LANGUAGE CODE
Language code of text/sound track or separate title English
082 ## - DEWEY DECIMAL CLASSIFICATION NUMBER
Item number SAD
Classification number 158.1
100 ## - MAIN ENTRY--PERSONAL NAME
Author Sadhguru
245 ## - TITLE STATEMENT
Title Enlightenment: A New Beginning
260 ## - PUBLICATION, DISTRIBUTION, ETC.
Place of publication, distribution, etc. India
Name of publisher, distributor, etc. Penguin Ananda
Date of publication, distribution, etc. 2024
300 ## - PHYSICAL DESCRIPTION
Extent 148
365 ## - TRADE PRICE
Price amount 299.00
Currency code Rs.00
650 ## - SUBJECT ADDED ENTRY--TOPICAL TERM
Topical term or geographic name entry element Applied Pschology
942 ## - ADDED ENTRY ELEMENTS (KOHA)
Koha item type Donated Book
Holdings
Withdrawn status Lost status Source of classification or shelving scheme Damaged status Not for loan Home library Current library Date acquired Vendor Net Price Total Checkouts Full call number Barcode Date last seen Bill Date Koha item type
    Dewey Decimal Classification     School of Fashion Technology School of Fashion Technology 09/01/2026 Complimentary Received by Pune Book Festival 2025 299.00   158.1 SAD SOFT-BK-D329 12/01/2026 12/01/2026 Donated Book